| 000 | 00713cam a2200205 i 4500 | ||
|---|---|---|---|
| 005 | 20251221100514.0 | ||
| 008 | 250721s2007 ua gr 000 0 ara d | ||
| 082 | 1 | 4 |
_a217.8 _bف ت ا |
| 245 | 1 | 0 |
_aفتاوى الناس : _bفتاوى الصيام و فتاوى معاصرة / _cجمع وترتيب محمود المصري. |
| 250 | _aالطبعة الاولى. | ||
| 264 | 3 | 1 |
_aالقاهرة : _bمكتبة الصفا، _c2007. |
| 300 | _a511 صفحة. | ||
| 650 | 1 | 7 | _aالفتاوى. |
| 650 | 1 | 7 | _aالعباده. |
| 650 | 1 | 7 | _aالصوم. |
| 650 | 1 | 7 | _aالشريعه الاسلاميه. |
| 700 | 1 |
_aالمصري، محمود _eجامع. |
|
| 942 |
_2ddc _cBK |
||
| 999 |
_c111023 _d111023 |
||